000 00242nam a2200109Ia 4500
008 220204s9999 xx 000 0 und d
082 _a072.01
_bMIL
100 _aE D
245 0 _aPlanning. V 1
260 _aLondon
_bIliffe
_c1972
942 _cBK
999 _c25669
_d25669